000 00714nam a22001937a 4500
008 150414b xxu||||| |||| 00| 0 eng d
050 _aB945.C164.I35 V.3
100 _aPhilosophy of Science Association 1970
_917096
245 _aIn memory of Rudolf Carnap
_cPhilosophy of Science Association 1970
260 _aDordrecht, Holland
_bReidel
_c1971
300 _aLXVI,615p. ;
_c23cm.
440 _aBoston studies in the philosophy of science
_nno.8
_917097
440 _aSynthesis library
_917098
650 _aCarnap Rudolf
_xCongresses
_917099
650 _aScience
_xPhilosophy
_xCongresses
_914223
700 _aBuck Roger C. (ed.)
_917100
700 _aCohen, Robert Sonne
_917101
942 _2lcc
_cMONOGRAPH
999 _c122633
_d122633